[Event "Aeroflot Open"]
[Site "Moscow RUS"]
[Date "2003.02.12"]
[Round "2"]
[White "Smirnov,P"]
[Black "Vlassov,N"]
[Result "1-0"]
[WhiteElo "2572"]
[BlackElo "2454"]
[EventDate "2003.02.10"]

1. e4 d5 2. exd5 Nf6 3. d4 Bg4 4. Bb5+ Nbd7 5. f3 Bf5 6. c4 e6 7. dxe6 Bxe6
8. c5 c6 9. Bd3 Nxc5 10. dxc5 Bxc5 11. Ne2 Qb6 12. Nbc3 O-O-O 13. Bg5 Qxb2
14. Rb1 Qa3 15. Qc2 Rhe8 16. Bxf6 gxf6 17. Kf1 Bb6 18. Nf4 Qd6 19. Nce2 Qe5
20. Nxe6 fxe6 21. Rxb6 axb6 22. Kf2 Rd6 23. f4 Qh5 24. Be4 e5 25. Bxh7 e4
26. Bxe4 Kc7 27. Bf3 Qf7 28. Rb1 Qe7 29. Rb3 Qd7 30. Re3 Ra8 31. a4 Ra5 32.
h4 Kb8 33. h5 Ka7 34. Qc4 Rd1 35. Qc3 Rxa4 36. Qxf6 Qd2 37. Qc3 Qd8 38. g3
Qd6 39. Qe5 Qd2 40. Qc3 Qd6 41. f5 Qd7 42. g4 Qd6 43. Kg2 Raa1 44. f6 Rh1
45. Qe5 Qd2 46. Kg3 Qe1+ 47. Kf4 Rf1 48. Qc3 Qh4 49. Kf5 Ra5+ 50. Re5 Ra4
51. Re4 Ra5+ 52. Ke6 Qg5 53. f7 Rd1 54. f8=Q Qd5+ 55. Kf6 Qg5+ 56. Kf7 Rd7+
57. Re7 Rd6 58. Rxb7+ Kxb7 59. Qxd6 Ra7 60. Qd7+ Ka6 61. Qc4+ 1-0

[Event "Aeroflot Open"]
[Site "Moscow RUS"]
[Date "2003.02.12"]
[Round "2"]
[White "Kharlov,A"]
[Black "Iskusnyh,S"]
[Result "1-0"]
[WhiteElo "2597"]
[BlackElo "2496"]
[EventDate "2003.02.10"]

1. d4 d5 2. c4 c6 3. Nf3 Nf6 4. Nc3 a6 5. a4 e6 6. Bg5 Nbd7 7. e3 Qa5 8.
cxd5 Nxd5 9. e4 Nxc3 10. bxc3 Nf6 11. Bd3 Qxc3+ 12. Ke2 Qb2+ 13. Bd2 a5 14.
Rb1 Qa2 15. Re1 Bb4 16. Kf1 O-O 17. Bxb4 axb4 18. Ra1 Qb2 19. Re2 Qc3 20.
Rc2 Qb3 21. Bc4 1-0

[Event "Aeroflot Open"]
[Site "Moscow RUS"]
[Date "2003.02.12"]
[Round "2"]
[White "Sakaev,K"]
[Black "Brodsky,M"]
[Result "1/2-1/2"]
[WhiteElo "2645"]
[BlackElo "2550"]
[EventDate "2003.02.10"]

1. d4 Nf6 2. c4 e6 3. Nc3 Bb4 4. Qc2 c5 5. dxc5 O-O 6. a3 Bxc5 7. Nf3 b6 8.
Bg5 h6 9. Bh4 Bb7 10. Rd1 Be7 11. e4 Nh5 12. Bxe7 Qxe7 13. Bd3 1/2-1/2

[Event "Aeroflot Open"]
[Site "Moscow RUS"]
[Date "2003.02.12"]
[Round "2"]
[White "Sutovsky,E"]
[Black "Goloshchapov,A"]
[Result "1-0"]
[WhiteElo "2651"]
[BlackElo "2523"]
[EventDate "2003.02.10"]

1. e4 e6 2. d4 d5 3. Nc3 Bb4 4. e5 c5 5. a3 Bxc3+ 6. bxc3 Ne7 7. Qg4 O-O 8.
Bd3 Qa5 9. Bd2 Nbc6 10. Nf3 f5 11. exf6 Rxf6 12. c4 Qa4 13. Qh5 Nf5 14.
cxd5 Ncxd4 15. Ng5 h6 16. Ne4 Rf8 17. O-O b6 18. Rae1 exd5 19. Ng3 c4 20.
Bxf5 Nxf5 21. Re5 Qxc2 22. Bb4 Rf6 23. Qe8+ Kh7 24. Re2 Qb3 25. Nxf5 Rxf5
26. Re3 Qc2 27. Rg3 Rf6 28. Bc3 Rg6 29. Bxg7 Rxg7 30. Re1 Bg4 31. Qxa8 Qd2
32. Qe8 c3 33. Rxg4 Rxg4 34. Qd7+ Rg7 35. Qf5+ Rg6 36. Re7+ Kh8 37. Qf8+
1-0

[Event "Aeroflot Open"]
[Site "Moscow RUS"]
[Date "2003.02.12"]
[Round "2"]
[White "Sadvakasov,D"]
[Black "Korotylev,A"]
[Result "1-0"]
[WhiteElo "2523"]
[BlackElo "2586"]
[EventDate "2003.02.10"]

1. e4 c5 2. Nf3 Nc6 3. d4 cxd4 4. Nxd4 Nf6 5. Nc3 d6 6. Bg5 e6 7. Qd2 a6 8.
O-O-O h6 9. Be3 Bd7 10. f4 b5 11. Bd3 Qc7 12. Kb1 Be7 13. h3 O-O 14. g4
Nxd4 15. Bxd4 b4 16. Ne2 e5 17. Bf2 Bc6 18. Ng3 d5 19. exd5 Nxd5 20. fxe5
Nc3+ 21. bxc3 Bxh1 22. c4 Bf3 23. Rg1 Rad8 24. Qf4 Bb7 25. Nf5 Bg5 26. Qg3
Bd2 27. g5 hxg5 28. Be3 Bxe3 29. Qxe3 Rfe8 30. Rxg5 g6 31. Rh5 f6 32. Qg1
g5 33. exf6 1-0

[Event "Aeroflot Open"]
[Site "Moscow RUS"]
[Date "2003.02.13"]
[Round "3"]
[White "Galkin,A"]
[Black "Dolmatov,S"]
[Result "1/2-1/2"]
[WhiteElo "2568"]
[BlackElo "2591"]
[EventDate "2003.02.10"]

1. e4 e6 2. d4 d5 3. Nc3 Bb4 4. e5 c5 5. a3 Bxc3+ 6. bxc3 Ne7 7. Nf3 b6 8.
a4 Qc7 9. Bb5+ Bd7 10. Bd3 Nbc6 11. O-O 1/2-1/2

[Event "Aeroflot Open"]
[Site "Moscow RUS"]
[Date "2003.02.13"]
[Round "3"]
[White "Sutovsky,E"]
[Black "Dvoirys,S"]
[Result "1-0"]
[WhiteElo "2651"]
[BlackElo "2562"]
[EventDate "2003.02.10"]

1. e4 c5 2. Nf3 d6 3. d4 cxd4 4. Nxd4 Nf6 5. Nc3 a6 6. Bc4 e6 7. Bb3 Nbd7
8. Bg5 Nc5 9. f4 Be7 10. Qf3 Qc7 11. O-O Nxb3 12. axb3 Qc5 13. Rad1 e5 14.
b4 Qa7 15. Bxf6 Bxf6 16. fxe5 dxe5 17. Nd5 Rf8 18. Nc7+ Ke7 19. Nd5+ Ke8
20. Qg3 Be6 21. Rxf6 gxf6 22. Nxf6+ Kd8 23. Qxe5 Kc8 24. Kh1 Rd8 25. Rd3
Bc4 26. Ne6 1-0

[Event "Aeroflot Open"]
[Site "Moscow RUS"]
[Date "2003.02.14"]
[Round "4"]
[White "Fressinet,L"]
[Black "Van Wely,L"]
[Result "1/2-1/2"]
[WhiteElo "2593"]
[BlackElo "2668"]
[EventDate "2003.02.10"]

1. e4 c5 2. Nf3 Nc6 3. c3 Nf6 4. e5 Nd5 5. d4 cxd4 6. cxd4 d6 7. Bc4 Nb6 8.
Bb3 dxe5 9. d5 Na5 10. Nc3 Nxb3 11. Qxb3 e6 12. Nxe5 exd5 13. Be3 Bd6 14.
Qb5+ Kf8 15. Nf3 Bd7 16. Qd3 Na4 17. Nxa4 Bxa4 18. O-O Qd7 19. Nd4 f6 20.
Rfe1 Kf7 21. Nf5 Bf8 22. Bf4 Bc6 23. Nd4 Bb4 24. Re2 Rac8 25. a3 Bc5 26.
Rae1 Bxd4 27. Qxd4 a6 28. Bd2 Rhe8 29. Rxe8 Rxe8 30. Rxe8 Qxe8 31. Be3 Qe6
32. f3 Qf5 33. Qd2 g5 34. Bd4 Qb1+ 35. Kf2 h5 36. h4 Qf5 1/2-1/2

[Event "Aeroflot Open"]
[Site "Moscow RUS"]
[Date "2003.02.15"]
[Round "5"]
[White "Galkin,A"]
[Black "Aleksandrov,A"]
[Result "1/2-1/2"]
[WhiteElo "2568"]
[BlackElo "2633"]
[EventDate "2003.02.10"]

1. e4 e5 2. Nf3 Nc6 3. Bb5 Nf6 4. O-O Nxe4 5. d4 Nd6 6. Bxc6 dxc6 7. dxe5
Nf5 8. Qxd8+ Kxd8 9. Nc3 Ne7 10. h3 Ng6 11. Re1 h6 12. Ne4 Be6 13. Nd4 Nxe5
14. Nxe6+ fxe6 15. Ng5 hxg5 16. Bxg5+ 1/2-1/2

[Event "Aeroflot Open"]
[Site "Moscow RUS"]
[Date "2003.02.15"]
[Round "5"]
[White "Zvjaginsev,V"]
[Black "Najer,E"]
[Result "1/2-1/2"]
[WhiteElo "2671"]
[BlackElo "2585"]
[EventDate "2003.02.10"]

1. c4 Nf6 2. Nc3 d5 3. cxd5 Nxd5 4. Nf3 g6 5. h4 Nf6 6. d4 Bg7 7. e4 O-O 8.
Be2 c5 9. d5 b5 10. e5 Ng4 11. Bxb5 Nd7 12. e6 fxe6 13. dxe6 Nde5 14. Qxd8
Rxd8 15. Nxe5 Nxe5 16. O-O a6 17. Be2 Bxe6 18. Re1 Bf7 19. Bf4 Nc6 20. Bf3
Rac8 21. Bg4 Ra8 22. Bf3 Rac8 23. Bg4 1/2-1/2

[Event "Aeroflot Open"]
[Site "Moscow RUS"]
[Date "2003.02.16"]
[Round "6"]
[White "Ramirez,Al"]
[Black "Yurtaev,L"]
[Result "0-1"]
[WhiteElo "2413"]
[BlackElo "2547"]
[EventDate "2003.02.10"]

1. d4 Nf6 2. c4 c5 3. Nf3 cxd4 4. Nxd4 e5 5. Nb5 d5 6. cxd5 Bc5 7. N5c3 O-O
8. g3 Re8 9. Bg2 e4 10. O-O e3 11. Kh1 exf2 12. Bg5 Bg4 13. Nd2 Nbd7 14. h3
Bh5 15. g4 Bg6 16. Bh4 Ne5 17. Bxf6 Qxf6 18. Nde4 Bxe4 19. Bxe4 Nxg4 0-1

[Event "Aeroflot Open"]
[Site "Moscow RUS"]
[Date "2003.02.17"]
[Round "7"]
[White "Efimenko,Z"]
[Black "Lastin,A"]
[Result "1/2-1/2"]
[WhiteElo "2590"]
[BlackElo "2636"]
[EventDate "2003.02.10"]

1. e4 e5 2. Nf3 Nc6 3. Bb5 a6 4. Ba4 Nf6 5. O-O Be7 6. Re1 b5 7. Bb3 O-O 8.
h3 Bb7 9. d3 d6 10. a3 Na5 11. Ba2 c5 12. Nc3 Nc6 13. Nd5 Nxd5 14. Bxd5 Qc7
15. c3 Nb8 16. Bxb7 1/2-1/2

[Event "Aeroflot Open"]
[Site "Moscow RUS"]
[Date "2003.02.17"]
[Round "7"]
[White "Jussupow,A"]
[Black "Sakaev,K"]
[Result "1/2-1/2"]
[WhiteElo "2592"]
[BlackElo "2645"]
[EventDate "2003.02.10"]

1. d4 Nf6 2. Nf3 d5 3. c4 c6 4. e3 Bf5 5. Nc3 e6 6. Bd3 Bg6 7. O-O Nbd7 8.
b3 Be7 9. Bb2 O-O 10. Bxg6 hxg6 11. Qc2 1/2-1/2

[Event "Aeroflot Open"]
[Site "Moscow RUS"]
[Date "2003.02.17"]
[Round "7"]
[White "Sutovsky,E"]
[Black "Fressinet,L"]
[Result "1/2-1/2"]
[WhiteElo "2651"]
[BlackElo "2593"]
[EventDate "2003.02.10"]

1. e4 e5 2. Nf3 Nf6 3. d4 Nxe4 4. Bd3 d5 5. Nxe5 Nd7 6. Nc3 Nxe5 7. dxe5
Nxc3 8. bxc3 Be7 9. Rb1 O-O 10. O-O b6 11. Qh5 1/2-1/2

[Event "Aeroflot Open"]
[Site "Moscow RUS"]
[Date "2003.02.17"]
[Round "7"]
[White "Kazhgaleyev,M"]
[Black "Fedorov,Alex"]
[Result "0-1"]
[WhiteElo "2604"]
[BlackElo "2579"]
[EventDate "2003.02.10"]

1. e4 c5 2. Nf3 d6 3. Bb5+ Nd7 4. d4 Ngf6 5. Nc3 cxd4 6. Qxd4 e5 7. Qd3 h6
8. Bc4 a6 9. a4 Nb6 10. Bb3 Be6 11. Be3 Be7 12. a5 Nbd7 13. Bxe6 fxe6 14.
Qc4 Kf7 15. h3 Qc8 16. Qb3 Qc6 17. Ra4 Nc5 18. Bxc5 Qxc5 19. O-O Rhb8 20.
Rb4 Qxa5 21. Rxb7 Nd7 22. Rd1 Qc5 23. Nd2 Rxb7 24. Qxb7 Ra7 25. Qb3 Rc7 26.
Qa4 Bh4 27. Qxa6 Bxf2+ 28. Kh1 Ke7 29. Nf3 Nf6 30. Qd3 Rc6 31. Ra1 Nh5 32.
Ra6 Rxa6 33. Qxa6 Qe3 34. Nd1 Qc1 35. Qd3 Bc5 36. g4 Nf4 37. Qd2 Qxd2 38.
Nxd2 Nxh3 39. Kg2 Ng5 40. c3 d5 41. b4 Ba7 42. c4 dxc4 43. Nxc4 Nxe4 44.
Nxe5 Kd6 45. Nd3 e5 46. Kf3 Kd5 47. Ne1 Bd4 48. Nc2 Ng5+ 49. Ke2 Ne6 50.
Nce3+ Ke4 51. Nf2+ Kf4 52. Nd3+ Kg3 53. b5 e4 54. Nb4 Nf4+ 55. Kd2 Kf3 56.
Nbc2 Bc5 57. Nf5 Ne6 58. Nce3 Nd4 59. Nh4+ Kf2 60. Nd1+ Kg3 61. Ng6 Nxb5
62. g5 h5 63. Ne3 Nd6 0-1

[Event "Aeroflot Open"]
[Site "Moscow RUS"]
[Date "2003.02.17"]
[Round "7"]
[White "Nataf,IA"]
[Black "Aronian,L"]
[Result "1/2-1/2"]
[WhiteElo "2545"]
[BlackElo "2610"]
[EventDate "2003.02.10"]

1. e4 e5 2. Nf3 Nc6 3. d4 exd4 4. Nxd4 Bc5 5. Nxc6 Qf6 6. Qd2 dxc6 7. Nc3
Bd4 8. Bc4 Nh6 9. h3 Be6 10. Bxe6 fxe6 11. Nd1 O-O-O 12. Qe2 g5 13. c3 Bb6
14. Be3 Nf7 15. Bxb6 axb6 16. Ne3 h5 17. Rd1 Rxd1+ 18. Kxd1 Qf4 19. Nc4 b5
20. Nd2 Ne5 21. Kc2 h4 22. f3 Rd8 23. Rd1 b6 24. Nf1 Rxd1 25. Kxd1 Kd7
1/2-1/2

[Event "Aeroflot Open"]
[Site "Moscow RUS"]
[Date "2003.02.17"]
[Round "7"]
[White "Hasangatin,R"]
[Black "Ramirez,Al"]
[Result "1/2-1/2"]
[WhiteElo "2523"]
[BlackElo "2413"]
[EventDate "2003.02.10"]

1. b4 e5 2. Bb2 Bxb4 3. Bxe5 Nf6 4. e3 O-O 5. Nf3 d5 6. Be2 Bd6 7. O-O c5
8. d4 Nc6 9. Nc3 Be7 10. dxc5 Nxe5 11. Nxe5 Bxc5 12. Bf3 Be6 13. h3 Rc8 14.
Ne2 Qc7 15. Nd3 Bb6 16. c3 Ne4 17. Rc1 Qc4 18. Rc2 Bf5 19. Bg4 Nxf2 20.
Nxf2 Bxc2 21. Qxc2 Rce8 22. Nd1 Bxe3+ 23. Kh1 Bb6 24. Bf3 Re5 25. Nb2 Qxa2
26. Nc1 Qa5 27. Ncd3 Re3 28. Nb4 Qb5 29. Rd1 Rd8 30. Qd2 d4 31. c4 Qa5 32.
N2d3 Ree8 33. Bxb7 Qh5 34. Bf3 Qf5 35. Nd5 Rc8 36. Bg4 Qe4 37. Bxc8 Rxc8
38. Re1 1/2-1/2

[Event "Aeroflot Open"]
[Site "Moscow RUS"]
[Date "2003.02.17"]
[Round "7"]
[White "Svidler,P"]
[Black "Kempinski,R"]
[Result "1-0"]
[WhiteElo "2693"]
[BlackElo "2545"]
[EventDate "2003.02.10"]

1. e4 c5 2. Nf3 d6 3. d4 cxd4 4. Nxd4 Nf6 5. Nc3 a6 6. f3 e5 7. Nb3 Be6 8.
Be3 Be7 9. Qd2 O-O 10. O-O-O Nbd7 11. g4 Qc7 12. Kb1 Rfc8 13. g5 Nh5 14.
Rg1 a5 15. a3 Nb6 16. f4 Nxf4 17. Bxf4 exf4 18. Qxf4 Nc4 19. Rg3 g6 20. Nd4
Bf8 21. Ndb5 Qb6 22. Bxc4 Rxc4 23. Nxd6 Rd4 24. Rxd4 Qxd4 25. Ndb5 Qb6 26.
Nc7 Rd8 27. N3d5 Bd6 28. Qf1 Qd4 29. Nf6+ Kh8 30. Nxe6 fxe6 31. Rd3 Qe5 32.
Nxh7 Be7 33. Rxd8+ Bxd8 34. Nf8 Kg8 35. Nxg6 Qxg5 36. Qf8+ Kh7 37. Qf7+ Kh6
38. Nf8 1-0

[Event "Aeroflot Open"]
[Site "Moscow RUS"]
[Date "2003.02.18"]
[Round "8"]
[White "Efimenko,Z"]
[Black "Sutovsky,E"]
[Result "1/2-1/2"]
[WhiteElo "2590"]
[BlackElo "2651"]
[EventDate "2003.02.10"]

1. e4 c5 2. Nf3 d6 3. d4 cxd4 4. Nxd4 Nf6 5. Nc3 a6 6. Be2 e5 7. Nb3 Be7 8.
O-O O-O 9. Kh1 Nc6 10. f4 b5 11. a4 Bb7 12. axb5 axb5 13. Rxa8 Qxa8 14.
Bxb5 Na7 15. Bd3 Nxe4 16. Nxe4 Bxe4 17. Bxe4 Qxe4 18. Nd2 Qc6 19. c4 e4 20.
f5 Re8 21. Qe2 Bg5 22. Re1 Bh4 23. Rd1 d5 24. cxd5 Qc2 25. g3 Bf6 26. Re1
e3 27. Nf1 Qxf5 28. Nxe3 Qe4+ 29. Qg2 Qd3 30. Qc2 Rxe3 31. Qxd3 Rxe1+ 32.
Kg2 Rxc1 33. Qe3 Rc2+ 34. Kf3 g6 35. Qxa7 Rxb2 36. h4 1/2-1/2

[Event "Aeroflot Open"]
[Site "Moscow RUS"]
[Date "2003.02.18"]
[Round "8"]
[White "Fedorov,Alex"]
[Black "Sorokin,M"]
[Result "1-0"]
[WhiteElo "2579"]
[BlackElo "2560"]
[EventDate "2003.02.10"]

1. e4 e5 2. Nf3 Nf6 3. Nxe5 d6 4. Nf3 Nxe4 5. d4 d5 6. Bd3 Nc6 7. O-O Be7
8. c4 Nb4 9. Be2 O-O 10. Nc3 Be6 11. Ne5 f6 12. Nf3 Kh8 13. a3 Nxc3 14.
bxc3 Nc6 15. Nd2 Na5 16. cxd5 Qxd5 17. Re1 Rfe8 18. Bb2 Qc6 19. Bd3 Bf7 20.
Qc2 h6 21. c4 Bf8 22. d5 Rxe1+ 23. Rxe1 Qd7 24. Bf5 Qd6 25. Bg6 Bg8 26. Qc3
b6 27. Ne4 Qd8 28. Re3 Nb7 29. Rh3 Bh7 30. Bxh7 Kxh7 31. Qd3 Kg8 32. Rxh6
gxh6 33. Nxf6+ Kf7 34. Qf5 Nc5 35. Ne4+ Ke8 36. Qg6+ Kd7 37. Nxc5+ Kc8 38.
Qc6 1-0

[Event "Aeroflot Open"]
[Site "Moscow RUS"]
[Date "2003.02.18"]
[Round "8"]
[White "Hillarp Persson,T"]
[Black "Ramirez,Al"]
[Result "0-1"]
[WhiteElo "2482"]
[BlackElo "2413"]
[EventDate "2003.02.10"]

1. d4 Nf6 2. c4 c5 3. d5 b5 4. Nf3 b4 5. g3 g6 6. Bg2 Bg7 7. a3 O-O 8. O-O
a5 9. axb4 cxb4 10. Nd4 Bb7 11. h3 Qc8 12. b3 d6 13. Be3 Nbd7 14. Nd2 Nc5
15. Ra2 Ra6 16. Qc2 e6 17. dxe6 fxe6 18. Rfa1 Bxg2 19. Kxg2 Nfd7 20. f3 Qa8
21. g4 Rc8 22. h4 d5 23. h5 e5 24. Nb5 d4 25. Bf2 Nf6 26. hxg6 Nxg4 27.
gxh7+ Kh8 28. Qf5 Nxf2 29. Kxf2 Rf8 30. Qg4 Rf7 31. Qh5 Re7 32. Rg1 Qf8 33.
Ke1 Qf4 34. Kd1 Bh6 35. Qh3 Ne6 36. Rg4 Qe3 37. Rg6 Kxh7 38. Qf5 Ng7 39.
Rxh6+ Kxh6 40. Qf8 Re8 41. Qf7 Rg6 42. Rxa5 Rg1+ 43. Kc2 Qxe2 44. Nxd4 exd4
45. Qf6+ Kh7 46. Qxd4 Qe3 0-1